000 00664nam a22002417a 4500
001 14368
003 BD-JhCC
005 20250729130344.0
008 250729b |||||||| |||| 00| 0 eng d
020 _a9780141398334
035 _a(BD-JhCC) 14368
040 _aBD-JhCC
_dBD-JhCC
041 _aeng
082 _223
_a823
_bMAU
100 _aMaupassant, Guy de
245 _aFemme Fatale /
_cGuy de Maupassant, Translated by Sian Miles
260 _aIndia:
_bPenguin Classics,
_c2004
300 _a55p.;
_c16 cm.
_ePaper binding
490 _aPenguin Little Black Classics,
_v15
650 _aEnglish Fiction
_vStory
700 _aMiles,Sian
942 _2ddc
_cBK
999 _c14368
_d14368